000 00590nam a22002057a 4500
003 OSt
005 20140310182827.0
008 130529t xxu||||| |||| 00| 0 eng d
020 _a080410526X
050 _aBD 431
_b.F963 1988
082 _aM 128
_bF95 1988
245 _aAll I really need to know I learned in Kindergarten :
_buncommon thoughts on common things /
_cFulghum, Robert
260 _aNew York,
_bIvy Books,
_c1988
300 i _aix, 196 p. :
_c18 cm.
521 _acollege students
526 _c1210L-1700L
541 _j1
562 _e1
942 _2lcc
_cBK
_kM
999 _c16533
_d16533